Регионална библиотека "Любен Каравелов" - Русе

Оцеола, вождь семинолов (Запис номер 490256)

MARC детайли
000 -Лидер
Контролно поле с фиксирана дължина nam a22 a 4500
003 - Код на организацията, давaща контролен номер
Контролно поле BLK
005 - Дата и час на последна редакция
Контролно поле 20230506024441.0
008 - Елементи от данни с фиксирана дължина
fixed length control field 230327b bu |||||||||| 00| | bu d
040 ## - Източник на каталожния запис
Идентификатор на билиотеката - собственик на записа BLK
041 ## - Код за език
Код за езика на текст/звукозапис или на отделно заглавие Руски
Код за езика КДБФ Руски
080 ## - УДК
Текстов определител УДК Американска литература (на САЩ)
УДК код - определител по УДК 821.111(73)
УДК определител -93-311.3
УДК - код + определител 821.111(73)-93-311.3
100 ## - Редна дума - Автор
Автор Рид, Томас Майн
Дати, свързани с автора 1818-1883
R(LIN) 365222
139 ## - Редно поле
Редна дума Рид, Томас Майн
245 ## - Сведения за заглавието
Заглавие Оцеола, вождь семинолов
Подзаглавни данни Повесть о стране цветов
Редно поле (дума) Майн Рид ; пер. с анг. Б. Б. Томашевского
257 ## - Страна на издаване
Страна на създаване/издаване СССР
260 ## - Област на издателските данни
9 (RLIN) 212424
Място на издаване, разпространение и проч. Москва
Име на издателя, разпространителя и проч. Металлургия
Година на издаване 1983
300 ## - Физическа характеристика
Страници 383 с.
Илюстрации и др. с ил.
Размери/Мащаб 20 см
380 ## - Жанр
Жанр Детска худож. лит.
490 ## - СЕРИИ (Колекции)
9 (RLIN) 458676
Име на серия Библиотека приключений
№: серия Т. 17
700 ## - Други автори (авторска отговорност)
9 (RLIN) 766
Лично име Томашевский, Борис
Автороска отговорност (Описва отношението между автора и произведението) пер. с англ.
856 ## - Електронен адрес и достъп
Инструкция (цена за достъп) 0.00
Права за достъп disable
999 ## - СИСТЕМНИ КОНТРОЛНИ НОМЕРА
Koha biblionumber 490256
Koha biblioitemnumber 490256
942 ## - АРТИКУЛИ
Вид на библиотечния материал Книги
Скрит в OPAC Не
Периодичен библиозапис Да
944 ## - СЪЗДАВАНЕ И РЕДАКЦИЯ на ЗАПИСА
Създаване/Редакция Създаване
Дата на регистрацията/редакция 2023-03-27
Служител, извършил регистрацията/редакцията ВП
Наличности
Код за отписване Код за изгубен артикул Източник на класификационната схема Код за повреда Коз за рестрикции Код за отдаване Артикулен № Име на библиотеката - собственик Име на библиотеката, в която се намира в момента Статус (Текущо местоположение) Дата на вписване в системата Местоположение - отдел Цена в лева Инвентарен номер Систематично азбучна сигнатура Баркод Цена в евро Служебен тип на артикула
  Не е изгубен Universal Decimal Classification Не е повреден без рестрикции заемане за дома 925976 Регионална библиотека "Любен Каравелов" Русе Регионална библиотека "Любен Каравелов" Русе Заемна - подръчен фонд 2023-03-29 Заемна - подръчен фонд 10.00 120000885258 821-31/Р 59 М 120000885258 5.11 Книги
Vip Innovations Ltd, Rousse, Bulgaria 2025